Guess 20 serbian and montenegrin footballers by image - Statistics

General Stats
  • This quiz has been taken 186 times
  • The average score is 13 of 20
Answer Stats
Picture Answer % Correct
Dusan Vlahovic
95%
Sergej Milinkovic-Savic
95%
Nemanja Vidic
91%
Nemanja Matic
90%
Dusan Tadic
88%
Aleksandar Mitrovic
86%
Luka Jovic
85%
Aleksandar Kolarov
82%
Stefan Savić
82%
Branislav Ivanovic
81%
Filip Kostic
78%
Dejan Stankovic
68%
Neven Subotic
66%
Stevan Jovetic
63%
Siniša Mihajlović
42%
Predrag Mijatović
41%
Dejan Savicevic
34%
Dragan Stojkovic
26%
Dragan Dzajic
17%
Darko Kovacevic
11%
No matching quizzes found
Score Distribution
Percent of People with Each Score
Percentile by Number Answered
Your Score History
You have not taken this quiz